| 000 | 01063cad a22003015a 4500 | ||
|---|---|---|---|
| 001 | E159498 | ||
| 008 | 101207s2010 xxk 000 0 eng u | ||
| 035 | _a(Sirsi) u159498 | ||
| 041 | 0 | _aeng | |
| 050 | 0 | 4 | _a333.332 $2 18 |
| 110 | 2 |
_aRoyal Institution of Chartered Surveyors _94900 |
|
| 245 | 0 | 0 |
_aDescription and standard terms of engagement of the RICS condition report service _h[electronic resource] |
| 260 |
_bRICS _c2010 |
||
| 520 | _aFor a practice note of the condition report, see L159496. | ||
| 520 | _aFor a full report use isurv WorkSmart https://www.isurvworksmart.com/login. | ||
| 521 | _aAdvanced | ||
| 590 | _aKA | ||
| 650 | 2 | 4 | _aCONDITION REPORT |
| 650 | 2 | 4 | _aRICS VALUATION STANDARDS |
| 651 | 4 |
_aEngland _y886- |
|
| 651 | 4 |
_aWales _y2007- |
|
| 651 | 4 |
_aNorthern Ireland _y2007- |
|
| 651 | 4 | _aChannel Islands | |
| 651 | 4 | _aIsle of Man | |
| 690 |
_aValuation _96273 |
||
| 856 | 4 | 1 |
_uhttps://www.rics.org/Global/Downloads/Condition_report_DHSSTE_updated_Dec16.pdf _zView the report free of charge at www.rics.org... |
| 942 | _n0 | ||
| 999 |
_c115957 _d115957 |
||